000 00820nam a2200217Ia 4500
001 2046
003 GE_BSU
008 181216s||||||||xx |||||||||||||| ||und||
020 _a5797508338
040 _cGE_BSU
080 _a347.965(470)(075.8):343.1(470)(075.8)
100 _aВласов,А.А.
245 _aДеятельность адвоката в суде по дегам о защите чести, достоинства и деловой репутации
245 _bПрактическое пособие
260 _aМосква
260 _bЮристь
260 _c2006
300 _a207стр.20см.
653 _aДеятельность адвоката в суде по дегам о защите чести, достоинства и деловой репутации
942 _cBK
999 _c36144
_d36144